[Event "Gibraltar ChallWk1 9th"]
[Site "Gibraltar"]
[Date "2011.01.27"]
[Round "4.17"]
[White "Wright, Jonathan"]
[Black "Suez-Panama, Gilles"]
[Result "0-1"]
[WhiteElo "1895"]
[BlackElo "2096"]
[PlyCount "62"]
[EventDate "2011.01.24"]
[EventType "swiss"]
[EventRounds "5"]
[EventCountry "GGB"]
[SourceTitle "BritBase"]
[Source "www.saund.co.uk"]
[SourceDate "2018.02.10"]
[SourceVersion "1"]
[SourceVersionDate "2018.02.10"]
[SourceQuality "1"]

1. e4 e6 2. d4 d5 3. Nd2 Nf6 4. e5 Nfd7 5. f4 c5 6. Ngf3 Nc6 7. c3 Be7 8. Be2
O-O 9. O-O f5 10. Rf2 cxd4 11. cxd4 a5 12. Nf1 a4 13. Ne3 Nb6 14. g4 Na5 15.
gxf5 exf5 16. Rg2 Be6 17. Kh1 Nac4 18. Qg1 g6 19. Rxg6+ Kf7 20. Rg7+ Ke8 21.
Rxh7 Kd7 22. Ng5 Rg8 23. Bd3 Nxe3 24. Bxe3 Nc4 25. Qc1 Qb6 26. Rh6 Bxg5 27.
fxg5 Rh8 28. Rf6 Nxe3 29. Qd2 Ng4 30. Rxe6 Qxe6 31. Bb5+ Kd8 0-1

[Event "Gibraltar ChallWk1 9th"]
[Site "Gibraltar"]
[Date "2011.01.27"]
[Round "4.19"]
[White "Knudsen, Jes West"]
[Black "Salomon, Johan"]
[Result "0-1"]
[WhiteElo "2000"]
[BlackElo "1836"]
[PlyCount "86"]
[EventDate "2011.01.24"]
[EventType "swiss"]
[EventRounds "5"]
[EventCountry "GGB"]
[SourceTitle "BritBase"]
[Source "www.saund.co.uk"]
[SourceDate "2018.02.10"]
[SourceVersion "1"]
[SourceVersionDate "2018.02.10"]
[SourceQuality "1"]

1. e4 c5 2. Nf3 d6 3. d4 cxd4 4. Nxd4 Nf6 5. Nc3 a6 6. Rg1 e5 7. Nb3 Be6 8. g4
h6 9. Be3 Nbd7 10. a3 b5 11. Bg2 Nb6 12. Nd5 Bxd5 13. exd5 Nc4 14. Bc1 Qc7 15.
a4 Qb7 16. a5 Be7 17. Nd2 Rc8 18. Nf1 Qc7 19. b3 Nxa5 20. Bd2 Nb7 21. Rxa6 Qxc2
22. Qxc2 Rxc2 23. Rb6 Nc5 24. Rb8+ Bd8 25. Rxb5 Rb2 26. b4 Nce4 27. h4 Nxd2 28.
Nxd2 Nxg4 29. Bf3 h5 30. Bxg4 hxg4 31. Rxg4 Rxh4 32. Rxg7 Rhxb4 33. Rg8+ Ke7
34. Rxb4 Rxb4 35. Nf3 Rf4 36. Ke2 Bb6 37. Rb8 Bc5 38. Rb7+ Kf6 39. Nd2 Rxf2+
40. Kd3 Kg6 41. Rd7 f5 42. Nc4 Rf4 43. Ne3 Rf3 0-1

[Event "Gibraltar ChallWk1 9th"]
[Site "Gibraltar"]
[Date "2011.01.27"]
[Round "4.20"]
[White "Brookfield, Toby"]
[Black "Christiansen, Johan-Sebastian"]
[Result "0-1"]
[WhiteElo "1793"]
[BlackElo "1955"]
[PlyCount "52"]
[EventDate "2011.01.24"]
[EventType "swiss"]
[EventRounds "5"]
[EventCountry "GGB"]
[SourceTitle "BritBase"]
[Source "www.saund.co.uk"]
[SourceDate "2018.02.10"]
[SourceVersion "1"]
[SourceVersionDate "2018.02.10"]
[SourceQuality "1"]

1. f4 d5 2. Nf3 Nf6 3. e3 c5 4. b3 Nc6 5. Bb2 Bf5 6. Bb5 Qb6 7. a4 a6 8. a5 Qc7
9. Bxc6+ bxc6 10. O-O e6 11. Ne5 h5 12. d3 Bd6 13. Nd2 Ng4 14. Nxg4 hxg4 15. g3
e5 16. fxe5 Bxe5 17. Bxe5 Qxe5 18. e4 dxe4 19. dxe4 Qd4+ 20. Kh1 O-O-O 21. Qe2
Qxd2 22. Qxa6+ Kc7 23. Qa7+ Kd6 24. Rf2 Qxf2 25. Rd1+ Ke6 26. exf5+ Kf6 0-1

[Event "Gibraltar ChallWk1 9th"]
[Site "Gibraltar"]
[Date "2011.01.27"]
[Round "4.22"]
[White "Messam-Sparks, Lateefah"]
[Black "Flanagan, Samuel"]
[Result "0-1"]
[WhiteElo "2062"]
[BlackElo "1776"]
[PlyCount "58"]
[EventDate "2011.01.24"]
[EventType "swiss"]
[EventRounds "5"]
[EventCountry "GGB"]
[SourceTitle "BritBase"]
[Source "www.saund.co.uk"]
[SourceDate "2018.02.10"]
[SourceVersion "1"]
[SourceVersionDate "2018.02.10"]
[SourceQuality "1"]

1. d4 d5 2. c4 c6 3. Nc3 Nf6 4. Bf4 Nbd7 5. e3 e6 6. c5 Be7 7. Bd3 O-O 8. g4
Ne8 9. Nf3 b6 10. cxb6 axb6 11. h4 Ba6 12. Bb1 f5 13. gxf5 exf5 14. Bg5 Nd6 15.
Bd3 Ne4 16. Bxa6 Rxa6 17. Qb3 Kh8 18. Ke2 Qe8 19. Bf4 Qh5 20. a3 Qxf3+ 21. Kxf3
Nd2+ 22. Ke2 Nxb3 23. Rag1 Bf6 24. Kd3 Ra7 25. Ne2 c5 26. Kc2 Na5 27. dxc5 bxc5
28. Bd6 Rc8 29. Nf4 Ra6 0-1

[Event "Gibraltar ChallWk1 9th"]
[Site "Gibraltar"]
[Date "2011.01.27"]
[Round "4.23"]
[White "Haddock, Paul"]
[Black "Gravett, Alan D"]
[Result "0-1"]
[WhiteElo "1757"]
[BlackElo "1869"]
[PlyCount "112"]
[EventDate "2011.01.24"]
[EventType "swiss"]
[EventRounds "5"]
[EventCountry "GGB"]
[SourceTitle "BritBase"]
[Source "www.saund.co.uk"]
[SourceDate "2018.02.10"]
[SourceVersion "1"]
[SourceVersionDate "2018.02.10"]
[SourceQuality "1"]

1. e4 c5 2. Nf3 d6 3. d4 cxd4 4. Nxd4 Nf6 5. Nc3 a6 6. Bc4 e6 7. Bb3 Be7 8. O-O
O-O 9. f4 Qc7 10. Kh1 Nc6 11. Nf3 b5 12. Qe1 b4 13. Nd1 Bb7 14. e5 dxe5 15.
fxe5 Nh5 16. Bg5 Bxg5 17. Nxg5 Qxe5 18. Qxe5 Nxe5 19. Ne3 h6 20. Nf3 Nxf3 21.
Rxf3 Bxf3 22. gxf3 a5 23. Bc4 Rfd8 24. Rd1 Nf4 25. Re1 Rd2 26. Kg1 Rad8 27. b3
Nh3+ 28. Kh1 Nf2+ 29. Kg1 Nd1 30. Bd3 Nxe3 31. Rxe3 Rd5 32. f4 Rh5 33. Re2 Rxe2
34. Bxe2 Rf5 35. Kg2 Rxf4 36. Kg3 Rd4 37. Bd3 Kf8 38. Kf3 Ke7 39. h3 e5 40. Ke3
g6 41. Ke2 f5 42. Ke3 f4+ 43. Kf3 Rxd3+ 44. cxd3 Kd6 45. Ke4 g5 46. Kf3 Kd5 47.
Ke2 Kd4 48. Kd2 h5 49. h4 g4 50. a3 bxa3 51. b4 axb4 52. Kc2 f3 53. Kd2 a2 54.
Kc2 a1=Q 55. Kb3 Qa3+ 56. Kc2 Qa2+ 0-1

[Event "Gibraltar ChallWk1 9th"]
[Site "Gibraltar"]
[Date "2011.01.27"]
[Round "4.24"]
[White "Hegvik, Leif Trygve"]
[Black "Rough, Robert E"]
[Result "1/2-1/2"]
[WhiteElo "1814"]
[BlackElo "1742"]
[PlyCount "107"]
[EventDate "2011.01.24"]
[EventType "swiss"]
[EventRounds "5"]
[EventCountry "GGB"]
[SourceTitle "BritBase"]
[Source "www.saund.co.uk"]
[SourceDate "2018.02.10"]
[SourceVersion "1"]
[SourceVersionDate "2018.02.10"]
[SourceQuality "1"]

1. e4 d5 2. exd5 Qxd5 3. Nc3 Qd6 4. d4 Nf6 5. Nf3 c6 6. Be2 Bf5 7. O-O Nbd7 8.
Be3 e6 9. Qd2 Qc7 10. Rfe1 Be7 11. Rad1 O-O 12. Nh4 Bg6 13. Nxg6 hxg6 14. Bg5
Bd6 15. h3 Nh7 16. Be3 Nhf6 17. Bd3 Nd5 18. Ne4 Nxe3 19. Qxe3 Be7 20. c4 Nb6
21. Nc5 Bxc5 22. dxc5 Nd7 23. b4 Nf6 24. a4 Rad8 25. Ra1 a5 26. Reb1 Ra8 27.
Be2 axb4 28. Rxb4 Ra5 29. Rab1 Rb8 30. Qd4 Nd7 31. Qd6 Qxd6 32. cxd6 Nc5 33. d7
Rd8 34. Rxb7 Nxb7 35. Rxb7 Rxa4 36. c5 Rd4 37. Rc7 R4xd7 38. Rxc6 Kf8 39. Bf3
Ke7 40. Rb6 Rc7 41. c6 Rdc8 42. Kf1 Kd6 43. Ke2 Rxc6 44. Bxc6 Rxc6 45. Rb8 g5
46. Rd8+ Ke5 47. Rd7 Kf6 48. f3 e5 49. Kf2 Ke6 50. Rd2 Rd6 51. Rc2 f5 52. Ke3
Rd1 53. Ke2 Rd6 54. Ke3 1/2-1/2

[Event "Gibraltar ChallWk1 9th"]
[Site "Gibraltar"]
[Date "2011.01.28"]
[Round "5.1"]
[White "Vinas Guerrero, Carlos A"]
[Black "Henriksson, Johan"]
[Result "0-1"]
[WhiteElo "2121"]
[BlackElo "2243"]
[PlyCount "130"]
[EventDate "2011.01.24"]
[EventType "swiss"]
[EventRounds "5"]
[EventCountry "GGB"]
[SourceTitle "BritBase"]
[Source "www.saund.co.uk"]
[SourceDate "2018.02.10"]
[SourceVersion "1"]
[SourceVersionDate "2018.02.10"]
[SourceQuality "1"]

1. e4 c6 2. d4 d5 3. f3 e6 4. Nc3 Bb4 5. Nge2 b6 6. a3 Be7 7. Nf4 Bh4+ 8. g3
Be7 9. Be3 Ba6 10. Bxa6 Nxa6 11. O-O Nf6 12. Qe2 Nc7 13. Rad1 Qc8 14. Nd3 Qb7
15. Bg5 h6 16. Be3 a6 17. Qg2 Nd7 18. exd5 cxd5 19. f4 g6 20. Ne5 h5 21. h3 Rh7
22. Na4 O-O-O 23. Bd2 b5 24. Nc3 Nb6 25. Ra1 Ne8 26. Ne2 Nc4 27. Nxc4 dxc4 28.
Bb4 Bxb4 29. axb4 Nd6 30. Rf3 Ne4 31. Rfa3 Rd6 32. Nc3 Nxc3 33. bxc3 Qxg2+ 34.
Kxg2 Kb7 35. Re1 Rg7 36. Rf1 Rd5 37. Raa1 g5 38. Rae1 Rf5 39. Re5 gxf4 40. Rxf5
Rxg3+ 41. Kh2 exf5 42. Rxf4 Rxc3 43. Rxf5 Rxc2+ 44. Kg3 Rd2 45. Rxf7+ Kc6 46.
Rf5 Rxd4 47. Rxh5 c3 48. Rc5+ Kb6 49. Rxc3 Rxb4 50. h4 Rb1 51. Rc2 b4 52. h5
Re1 53. h6 Re8 54. h7 Kb5 55. Rh2 Rh8 56. Kf3 Kc4 57. Ke3 Kc3 58. Rh5 b3 59.
Rc5+ Kb2 60. Rh5 a5 61. Rxa5 Rxh7 62. Kd3 Rd7+ 63. Kc4 Kc2 64. Rh5 b2 65. Rh2+
Rd2 0-1

[Event "Gibraltar ChallWk1 9th"]
[Site "Gibraltar"]
[Date "2011.01.28"]
[Round "5.2"]
[White "Tari, Aryan"]
[Black "Elishev, Ivan"]
[Result "0-1"]
[WhiteElo "2097"]
[BlackElo "2226"]
[PlyCount "92"]
[EventDate "2011.01.24"]
[EventType "swiss"]
[EventRounds "5"]
[EventCountry "GGB"]
[SourceTitle "BritBase"]
[Source "www.saund.co.uk"]
[SourceDate "2018.02.10"]
[SourceVersion "1"]
[SourceVersionDate "2018.02.10"]
[SourceQuality "1"]

1. e4 c5 2. Nf3 d6 3. d4 cxd4 4. Nxd4 Nf6 5. Nc3 g6 6. Be3 Bg7 7. f3 O-O 8. Bc4
Nc6 9. Qd2 Bd7 10. O-O-O Rc8 11. Bb3 Ne5 12. h4 h5 13. g4 hxg4 14. h5 Nxh5 15.
Rdg1 Qa5 16. Bh6 Bf6 17. Kb1 Rxc3 18. Bxf8 Kxf8 19. bxc3 Nxf3 20. Nxf3 gxf3 21.
Qd5 Qxd5 22. Bxd5 Be5 23. Bxb7 Bb5 24. a4 Be2 25. Bc6 a6 26. Kb2 e6 27. Kb3 Ke7
28. Kb4 Bf4 29. a5 f2 30. Ra1 Ng3 31. Rh2 Be3 32. Rh3 Bc5+ 33. Kb3 f1=Q 34.
Rxf1 Nxf1 35. Rh8 g5 36. Rb8 g4 37. Rb7+ Kf8 38. e5 d5 39. Rb6 g3 40. Bb7 g2
41. Bxa6 Bxa6 42. Rxa6 g1=Q 43. Ra8+ Kg7 44. a6 Nd2+ 45. Ka4 Qf1 46. Ka5 Qb1
0-1

[Event "Gibraltar ChallWk1 9th"]
[Site "Gibraltar"]
[Date "2011.01.28"]
[Round "5.3"]
[White "Meskovs, Nikita"]
[Black "Urbina Perez, Juan Antonio"]
[Result "1-0"]
[WhiteElo "2243"]
[BlackElo "2189"]
[PlyCount "75"]
[EventDate "2011.01.24"]
[EventType "swiss"]
[EventRounds "5"]
[EventCountry "GGB"]
[SourceTitle "BritBase"]
[Source "www.saund.co.uk"]
[SourceDate "2018.02.10"]
[SourceVersion "1"]
[SourceVersionDate "2018.02.10"]
[SourceQuality "1"]

1. d4 d5 2. c4 c6 3. Nc3 Nf6 4. Nf3 a6 5. a4 e6 6. e3 a5 7. Be2 Na6 8. O-O Bd6
9. Ne5 Nb4 10. f4 O-O 11. b3 b6 12. Bb2 Ba6 13. Rc1 Rc8 14. Kh1 Ne4 15. Nxe4
dxe4 16. Qe1 f6 17. Ng4 Na2 18. Rc2 Nb4 19. Rd2 Qe7 20. Qb1 Rcd8 21. Nf2 f5 22.
Nh3 c5 23. Rfd1 cxd4 24. Bxd4 Bc5 25. Qb2 Bxd4 26. Rxd4 Nc6 27. Rxd8 Rxd8 28.
Rxd8+ Qxd8 29. Kg1 Qd6 30. c5 Qxc5 31. Bxa6 Qxe3+ 32. Kf1 h6 33. Bc4 Nd4 34.
Nf2 Kh7 35. h4 h5 36. Qa1 Nc2 37. Qd1 Qc3 38. Qxh5+ 1-0

[Event "Gibraltar ChallWk1 9th"]
[Site "Gibraltar"]
[Date "2011.01.28"]
[Round "5.4"]
[White "Zygouris, Hristos"]
[Black "Zanetti, Bruno"]
[Result "1-0"]
[WhiteElo "2215"]
[BlackElo "2017"]
[PlyCount "37"]
[EventDate "2011.01.24"]
[EventType "swiss"]
[EventRounds "5"]
[EventCountry "GGB"]
[SourceTitle "BritBase"]
[Source "www.saund.co.uk"]
[SourceDate "2018.02.10"]
[SourceVersion "1"]
[SourceVersionDate "2018.02.10"]
[SourceQuality "1"]

1. e4 c5 2. Nf3 Nc6 3. Bb5 e5 4. O-O d6 5. c3 a6 6. Bxc6+ bxc6 7. d4 cxd4 8.
cxd4 exd4 9. Qxd4 Qf6 10. Qb6 d5 11. e5 Qe6 12. Nd4 Qd7 13. Nxc6 Ne7 14. Nd4 h5
15. Nc3 g5 16. Bxg5 Rg8 17. f4 Rg6 18. Qa5 Bb7 19. Rad1 {Black now played the
illegal 19...0-0-0 and neither player noticed. The game continued 20 Na4 Kb8
21 Rc1 Rc8 22 Nb6 Qd8 23 Bf6 Rxc1 24 Rxc1 Bh6 25 Qb4 Ka7 26 Bxe7 Qg8 27 Rc2
Bxf4 28 Bd6 Be3+ 29 Kh1 Rxd6 30 exd6 Qg4 31 Nc6+ Bxc6 32 Qxg4 hxg4 33 Rxc6
Bxb6 34 d7 1-0} 1-0

[Event "Gibraltar ChallWk1 9th"]
[Site "Gibraltar"]
[Date "2011.01.28"]
[Round "5.5"]
[White "Jaunooby, Ali R"]
[Black "Havik, Victor"]
[Result "1-0"]
[WhiteElo "2207"]
[BlackElo "2107"]
[PlyCount "53"]
[EventDate "2011.01.24"]
[EventType "swiss"]
[EventRounds "5"]
[EventCountry "GGB"]
[SourceTitle "BritBase"]
[Source "www.saund.co.uk"]
[SourceDate "2018.02.10"]
[SourceVersion "1"]
[SourceVersionDate "2018.02.10"]
[SourceQuality "1"]

1. d4 f5 2. g3 Nf6 3. Bg2 g6 4. c4 Bg7 5. b3 O-O 6. Bb2 d6 7. d5 e5 8. dxe6 Nc6
9. Nh3 Bxe6 10. Ng5 Bd7 11. Nc3 Kh8 12. h4 h5 13. Qd2 Qe7 14. O-O Rae8 15. e3
Bc8 16. Bd5 Ne5 17. Rad1 Nxd5 18. Nxd5 Qxg5 19. Bxe5 Qd8 20. Bxg7+ Kxg7 21.
Qd4+ Kh7 22. Qxa7 g5 23. hxg5 Qxg5 24. Kg2 Re4 25. Rh1 Rg8 26. Rxh5+ Qxh5 27.
Nf6+ 1-0

[Event "Gibraltar ChallWk1 9th"]
[Site "Gibraltar"]
[Date "2011.01.28"]
[Round "5.6"]
[White "Jameson, David"]
[Black "Byron, Alan M"]
[Result "1/2-1/2"]
[WhiteElo "2054"]
[BlackElo "2192"]
[PlyCount "76"]
[EventDate "2011.01.24"]
[EventType "swiss"]
[EventRounds "5"]
[EventCountry "GGB"]
[SourceTitle "BritBase"]
[Source "www.saund.co.uk"]
[SourceDate "2018.02.10"]
[SourceVersion "1"]
[SourceVersionDate "2018.02.10"]
[SourceQuality "1"]

1. c4 e5 2. g3 Nf6 3. Bg2 d5 4. cxd5 Nxd5 5. Nc3 Nb6 6. Nf3 Nc6 7. O-O Be7 8.
d3 O-O 9. a3 Be6 10. b4 f6 11. Bb2 a5 12. b5 Nd4 13. Nxd4 exd4 14. Na4 Bd5 15.
Nxb6 cxb6 16. Bxd5+ Qxd5 17. Qa4 Bc5 18. Rac1 Rfe8 19. Rfe1 Kh8 20. Rc4 Rad8
21. Qc2 Qd7 22. a4 Re5 23. h4 Rh5 24. Kg2 Qd5+ 25. f3 Qe6 26. e4 dxe3 27. Re4
Qd7 28. d4 Rd5 29. R1xe3 Bxd4 30. Re2 Bc5 31. Bc3 h5 32. Re6 Qf7 33. Qe4 Rd3
34. Be1 R3d4 35. Qc2 R4d5 36. Qe4 Rd4 37. Qc2 R4d5 38. Qe4 Rd4 1/2-1/2

[Event "Gibraltar ChallWk1 9th"]
[Site "Gibraltar"]
[Date "2011.01.28"]
[Round "5.7"]
[White "Seyfried, Claus"]
[Black "Phillips, Owen S"]
[Result "1-0"]
[WhiteElo "2173"]
[BlackElo "1992"]
[PlyCount "107"]
[EventDate "2011.01.24"]
[EventType "swiss"]
[EventRounds "5"]
[EventCountry "GGB"]
[SourceTitle "BritBase"]
[Source "www.saund.co.uk"]
[SourceDate "2018.02.10"]
[SourceVersion "1"]
[SourceVersionDate "2018.02.10"]
[SourceQuality "1"]

1. d4 e6 2. e4 d5 3. Nd2 Nf6 4. e5 Nfd7 5. Bd3 c5 6. c3 Nc6 7. Ne2 cxd4 8. cxd4
f6 9. exf6 Nxf6 10. Nf3 Bd6 11. O-O Qc7 12. Bg5 O-O 13. Bh4 Nh5 14. Qc2 h6 15.
Bh7+ Kh8 16. Bg6 Rxf3 17. Bxh5 Bxh2+ 18. Kh1 Rf5 19. Bg6 Bd6 20. Bxf5 exf5 21.
Rae1 Bd7 22. Qb3 g5 23. Bg3 f4 24. Bh2 Ne7 25. Nc3 Bc6 26. Nb5 Bxb5 27. Qxb5 a6
28. Qe2 Bb4 29. Qh5 Ng8 30. Re5 Qg7 31. a3 Bc5 32. Qd1 Bf8 33. Rxd5 Qf7 34. Re5
Bg7 35. Ra5 b6 36. Ra4 b5 37. Rb4 Ne7 38. Rb3 Rd8 39. Rd3 Nd5 40. Re1 h5 41.
Rh3 g4 42. Qxg4 Nf6 43. Qxf4 Qc4 44. Qg5 Qxd4 45. Be5 Qxf2 46. Rxh5+ Kg8 47.
Rc1 Rd7 48. Rh6 Ne8 49. Rg6 Qd2 50. Qxd2 Rxd2 51. Bxg7 Nxg7 52. Rc7 Rxb2 53.
Rgxg7+ Kf8 54. Rgd7 1-0

[Event "Gibraltar ChallWk1 9th"]
[Site "Gibraltar"]
[Date "2011.01.28"]
[Round "5.8"]
[White "Siegmund, Rainer"]
[Black "Sommerhalder, Eric"]
[Result "1-0"]
[WhiteElo "2133"]
[BlackElo "2000"]
[PlyCount "107"]
[EventDate "2011.01.24"]
[EventType "swiss"]
[EventRounds "5"]
[EventCountry "GGB"]
[SourceTitle "BritBase"]
[Source "www.saund.co.uk"]
[SourceDate "2018.02.10"]
[SourceVersion "1"]
[SourceVersionDate "2018.02.10"]
[SourceQuality "1"]

1. d4 d5 2. c4 c6 3. Nf3 Nf6 4. Nc3 e6 5. e3 Bd6 6. Qc2 Nbd7 7. Be2 O-O 8. O-O
dxc4 9. Bxc4 b5 10. Be2 Bb7 11. e4 e5 12. dxe5 Nxe5 13. Nxe5 Bxe5 14. Rd1 Qc7
15. g3 h6 16. Bf3 a6 17. Be3 Rfd8 18. Bg2 Ng4 19. Bc5 Bd6 20. Ne2 Ne5 21. Bxd6
Rxd6 22. Rxd6 Qxd6 23. Rd1 Qe7 24. Nd4 Rd8 25. Nf5 Rxd1+ 26. Qxd1 Qd7 27. Qd6
Qxd6 28. Nxd6 Ba8 29. b4 Nd3 30. a3 c5 31. bxc5 Nxc5 32. f4 Kf8 33. Kf2 g6 34.
e5 Bxg2 35. Kxg2 Nb3 36. Ne4 Na1 37. Nc5 a5 38. Nb7 Nb3 39. Nd6 Nd4 40. Kf2 b4
41. axb4 a4 42. Nc4 Nc2 43. b5 Ke7 44. b6 Kd7 45. g4 a3 46. Nxa3 Nxa3 47. f5
Nb5 48. e6+ fxe6 49. fxg6 Nd6 50. g7 Ne4+ 51. Ke3 Nf6 52. Kf4 h5 53. g5 Ng8 54.
b7 1-0

[Event "Gibraltar ChallWk1 9th"]
[Site "Gibraltar"]
[Date "2011.01.28"]
[Round "5.9"]
[White "Haga, Halvor"]
[Black "Montabord, Manuel"]
[Result "1-0"]
[WhiteElo "2024"]
[BlackElo "2063"]
[PlyCount "61"]
[EventDate "2011.01.24"]
[EventType "swiss"]
[EventRounds "5"]
[EventCountry "GGB"]
[SourceTitle "BritBase"]
[Source "www.saund.co.uk"]
[SourceDate "2018.02.10"]
[SourceVersion "1"]
[SourceVersionDate "2018.02.10"]
[SourceQuality "1"]

1. e4 c6 2. d3 d5 3. Nd2 g6 4. g3 Bg7 5. Bg2 Nf6 6. Ngf3 Qc7 7. O-O O-O 8. Re1
Rd8 9. Qe2 c5 10. Nf1 Nc6 11. e5 Ne8 12. Bf4 Qb6 13. c3 Nc7 14. Rad1 Ne6 15.
Bc1 a5 16. h4 h5 17. Kh2 a4 18. a3 Rb8 19. Bh3 Qa6 20. Qe3 Qa7 21. g4 hxg4 22.
Bxg4 Ned4 23. Qg5 Bxg4 24. Qxg4 Nxf3+ 25. Qxf3 Nxe5 26. Qg3 Nc6 27. h5 Rd6 28.
Rxe7 Rbd8 29. Re2 gxh5 30. Rde1 Kf8 31. Qxd6+ 1-0

[Event "Gibraltar ChallWk1 9th"]
[Site "Gibraltar"]
[Date "2011.01.28"]
[Round "5.10"]
[White "Kandic, Milan"]
[Black "Marder, Simon"]
[Result "0-1"]
[WhiteElo "2143"]
[BlackElo "1990"]
[PlyCount "70"]
[EventDate "2011.01.24"]
[EventType "swiss"]
[EventRounds "5"]
[EventCountry "GGB"]
[SourceTitle "BritBase"]
[Source "www.saund.co.uk"]
[SourceDate "2018.02.10"]
[SourceVersion "1"]
[SourceVersionDate "2018.02.10"]
[SourceQuality "1"]

1. d4 Nc6 2. Bf4 d5 3. e3 e6 4. Nf3 Bd6 5. Ne5 Nxe5 6. dxe5 Bc5 7. Bd3 Ne7 8.
c3 c6 9. Nd2 a5 10. O-O a4 11. Rc1 Ng6 12. Bg3 Qb6 13. Qc2 Bd7 14. b4 Be7 15.
a3 c5 16. Qb1 Bc6 17. e4 c4 18. exd5 exd5 19. Bf5 Bd7 20. Bxd7+ Kxd7 21. Rcd1
Rac8 22. Qc2 Qc6 23. Rfe1 Nf8 24. Nxc4 Qxc4 25. Qxa4+ Qc6 26. Qxc6+ bxc6 27. c4
Ke6 28. cxd5+ cxd5 29. Rc1 Nd7 30. f4 Nb6 31. Bf2 Rxc1 32. Rxc1 Nc4 33. Rc3 Ra8
34. g4 Rxa3 35. Rc1 Bxb4 0-1

[Event "Gibraltar ChallWk1 9th"]
[Site "Gibraltar"]
[Date "2011.01.28"]
[Round "5.12"]
[White "Suez-Panama, Gilles"]
[Black "Hauge, Lars Oskar"]
[Result "1-0"]
[WhiteElo "2096"]
[BlackElo "1942"]
[PlyCount "69"]
[EventDate "2011.01.24"]
[EventType "swiss"]
[EventRounds "5"]
[EventCountry "GGB"]
[SourceTitle "BritBase"]
[Source "www.saund.co.uk"]
[SourceDate "2018.02.10"]
[SourceVersion "1"]
[SourceVersionDate "2018.02.10"]
[SourceQuality "1"]

1. d4 Nf6 2. Nf3 c5 3. d5 b5 4. a4 b4 5. Bg5 d6 6. Bxf6 exf6 7. g3 g6 8. Bg2
Bg7 9. O-O O-O 10. Nbd2 f5 11. Rb1 Nd7 12. h4 Ne5 13. Nxe5 Bxe5 14. Nc4 Bf6 15.
f4 Ba6 16. Qd3 Re8 17. Kh2 Rb8 18. e4 fxe4 19. Bxe4 Qd7 20. b3 Bd4 21. Rbe1 Bc3
22. Re2 f5 23. Bf3 Rxe2+ 24. Bxe2 Re8 25. Qf3 Bxc4 26. Bxc4 Bd4 27. Bb5 Qe7 28.
Bxe8 Qxe8 29. Rd1 Qe7 30. Kg2 h5 31. Kf1 Bc3 32. Qe2 Qe4 33. Qxe4 fxe4 34. Ke2
Bd4 35. Rf1 1-0

[Event "Gibraltar ChallWk1 9th"]
[Site "Gibraltar"]
[Date "2011.01.28"]
[Round "5.13"]
[White "Georgieva, Emilia"]
[Black "Hamer, Martyn"]
[Result "1-0"]
[WhiteElo "1907"]
[BlackElo "2041"]
[PlyCount "99"]
[EventDate "2011.01.24"]
[EventType "swiss"]
[EventRounds "5"]
[EventCountry "GGB"]
[SourceTitle "BritBase"]
[Source "www.saund.co.uk"]
[SourceDate "2018.02.10"]
[SourceVersion "1"]
[SourceVersionDate "2018.02.10"]
[SourceQuality "1"]

1. d4 Nf6 2. Nf3 e6 3. Bg5 c5 4. e3 Be7 5. c3 b6 6. Nbd2 Bb7 7. Bd3 O-O 8. Qc2
h6 9. h4 Nd5 10. Bxe7 Qxe7 11. g4 d6 12. h5 f6 13. Bh7+ Kh8 14. Nh4 Qe8 15. Rg1
Ne7 16. O-O-O cxd4 17. exd4 Nbc6 18. Kb1 b5 19. Rde1 Qd7 20. d5 exd5 21. Bf5
Qc7 22. f4 Bc8 23. Ng6+ Nxg6 24. hxg6 Bxf5 25. Qxf5 Ne7 26. Qd3 Ng8 27. Qxd5 a6
28. Re6 Qc5 29. Qxc5 dxc5 30. Ne4 f5 31. Nxc5 fxg4 32. Rxg4 Rf6 33. Re4 Rc6 34.
Re5 Nf6 35. Rg1 Rac8 36. b4 Rd6 37. f5 Nd7 38. Re6 Rd5 39. Nxd7 Rxd7 40. Rxa6
Rd3 41. f6 gxf6 42. g7+ Kg8 43. Rxf6 Rd7 44. Rxh6 Rxg7 45. Rxg7+ Kxg7 46. Rh3
Kf6 47. Kb2 Ke6 48. Rd3 Ra8 49. Kb3 Rc8 50. a4 1-0

[Event "Gibraltar ChallWk1 9th"]
[Site "Gibraltar"]
[Date "2011.01.28"]
[Round "5.14"]
[White "Obiamiwe, Paul"]
[Black "Salomon, Johan"]
[Result "1-0"]
[WhiteElo "2015"]
[BlackElo "1836"]
[PlyCount "73"]
[EventDate "2011.01.24"]
[EventType "swiss"]
[EventRounds "5"]
[EventCountry "GGB"]
[SourceTitle "BritBase"]
[Source "www.saund.co.uk"]
[SourceDate "2018.02.10"]
[SourceVersion "1"]
[SourceVersionDate "2018.02.10"]
[SourceQuality "1"]

1. Nf3 Nf6 2. c4 c5 3. Nc3 b6 4. g3 Bb7 5. Bg2 e6 6. O-O Be7 7. Re1 d6 8. d4
cxd4 9. Qxd4 a6 10. e4 Qc7 11. b3 Nbd7 12. Ba3 Nc5 13. Rab1 O-O 14. Bb2 Rad8
15. h3 Rfe8 16. Nh2 Qb8 17. b4 Ncd7 18. a3 Ba8 19. Nf1 Rc8 20. Ne3 Red8 21. Qd1
Ne5 22. Qd4 Rc7 23. f4 Ng6 24. Qd1 Bf8 25. h4 Be7 26. h5 Nf8 27. g4 N6d7 28. g5
Rcc8 29. Qg4 b5 30. Ncd5 exd5 31. Nf5 Re8 32. exd5 Qb6+ 33. Bd4 Qd8 34. Nxg7
Bf6 35. gxf6 Rxe1+ 36. Rxe1 Kh8 37. Ne8 1-0

[Event "Gibraltar ChallWk1 9th"]
[Site "Gibraltar"]
[Date "2011.01.28"]
[Round "5.15"]
[White "Christiansen, Johan-Sebastian"]
[Black "Flanagan, Samuel"]
[Result "0-1"]
[WhiteElo "1955"]
[BlackElo "1776"]
[PlyCount "94"]
[EventDate "2011.01.24"]
[EventType "swiss"]
[EventRounds "5"]
[EventCountry "GGB"]
[SourceTitle "BritBase"]
[Source "www.saund.co.uk"]
[SourceDate "2018.02.10"]
[SourceVersion "1"]
[SourceVersionDate "2018.02.10"]
[SourceQuality "1"]

1. c4 e5 2. g3 Nf6 3. Bg2 d5 4. cxd5 Nxd5 5. Nc3 Nb6 6. Nf3 Nc6 7. O-O Be7 8.
d3 O-O 9. a3 a5 10. Be3 Be6 11. Rc1 Nd5 12. Bd2 Qd7 13. Re1 Rad8 14. Qc2 f6 15.
Ne4 Ra8 16. Nc5 Bxc5 17. Qxc5 Rfd8 18. b4 axb4 19. axb4 Rdc8 20. e3 Ra2 21. Ra1
Rxa1 22. Rxa1 b6 23. Qb5 Qd6 24. Rb1 Nde7 25. Rc1 Bd7 26. Kh1 Nd4 27. Qc4+ Be6
28. Qa6 Nb3 29. Rb1 Nxd2 30. Nxd2 Rd8 31. Bf1 Qc6+ 32. Kg1 Qc2 33. Qa7 Qxd2 34.
Qxc7 Rd7 35. Qxb6 Kf7 36. Qc5 Nd5 37. b5 Rc7 38. Qa3 Rc2 39. Qa7+ Kg6 40. e4
Nc3 41. Ra1 Nd1 42. Ra6 Nxf2 43. Rxe6 Nh3+ 44. Bxh3 Qxh2+ 45. Kf1 Qxh3+ 46. Ke1
Qh1+ 47. Qg1 Qxg1# 0-1

[Event "Gibraltar ChallWk1 9th"]
[Site "Gibraltar"]
[Date "2011.01.28"]
[Round "5.16"]
[White "Lanier, Nicholas"]
[Black "Lundback, Karl"]
[Result "1-0"]
[WhiteElo "2203"]
[BlackElo "1969"]
[PlyCount "49"]
[EventDate "2011.01.24"]
[EventType "swiss"]
[EventRounds "5"]
[EventCountry "GGB"]
[SourceTitle "BritBase"]
[Source "www.saund.co.uk"]
[SourceDate "2018.02.10"]
[SourceVersion "1"]
[SourceVersionDate "2018.02.10"]
[SourceQuality "1"]

1. e4 e5 2. Nc3 Nf6 3. f4 d6 4. Nf3 Bg4 5. h3 Bxf3 6. Qxf3 Nc6 7. Bb5 Qd7 8. d3
a6 9. Bxc6 Qxc6 10. O-O O-O-O 11. Be3 Be7 12. Nd5 Nxd5 13. exd5 Qxc2 14. Rfc1
Qxd3 15. Rxc7+ Kxc7 16. Bb6+ Kxb6 17. Qxd3 exf4 18. Qd4+ Kc7 19. Qxg7 Rdf8 20.
Qd4 f3 21. Qc3+ Kb8 22. Qxf3 f5 23. Qf4 Rf7 24. Re1 Rhf8 25. Rxe7 1-0